Unfit for retrofit (Record no. 121085)

MARC details
000 -LEADER
fixed length control field 00948nas a22002297a 4500
001 - CONTROL NUMBER
control field K121085
007 - PHYSICAL DESCRIPTION FIXED FIELD--GENERAL INFORMATION
fixed length control field ta
008 - FIXED-LENGTH DATA ELEMENTS--GENERAL INFORMATION
fixed length control field 190812b2019 ||||| |||| 00| 0 eng d
041 ## - LANGUAGE CODE
Language code of text/sound track or separate title eng
100 ## - MAIN ENTRY--PERSONAL NAME
Personal author McCormack, Rob
245 ## - TITLE STATEMENT
Title Unfit for retrofit
490 ## - SERIES TITLE
Series statement RICS Property Journal
Volume July/August 2019, 32-33(2)
520 ## - ABSTRACT
Abstract Highlights the problems that incorrectly installed cavity wall insulation and external wall insulation have on the fabric of properties and looks at remedies available to rectify the issues. Suggests that prior to new work accurate property suitability assessments are undertaken with regular inspections and servicing.
650 ## - KEYWORDS
Keywords CAVITY WALL
650 ## - KEYWORDS
Keywords EXTERNAL WALL
650 ## - KEYWORDS
Keywords INSULATION
650 ## - KEYWORDS
Keywords BUILDING PATHOLOGY
651 ## - SUBJECT ADDED ENTRY--GEOGRAPHIC NAME
Geographic name United Kingdom 1973
690 ## - LOCAL SUBJECT ADDED ENTRY--TOPICAL TERM (OCLC, RLIN)
9 (RLIN) 6264
Topical term or geographic name as entry element Refurbishment
690 ## - LOCAL SUBJECT ADDED ENTRY--TOPICAL TERM (OCLC, RLIN)
9 (RLIN) 6222
Topical term or geographic name as entry element Building control
856 ## - ONLINE RESOURCE
Uniform Resource Identifier https://issuu.com/ricsmodus/docs/property_journal_july-aug_2019/34
Holdings
Withdrawn status Lost status Damaged status Not for loan Home library Current library Shelving location Date acquired Total Checkouts Date last seen Price effective from Koha item type
        Virtual Virtual Online 12/08/2019   12/08/2019 12/08/2019 Journal article